<?xml version="1.0" encoding="UTF-8"?>
<record
    xmlns:xsi="http://www.w3.org/2001/XMLSchema-instance"
    xsi:schemaLocation="http://www.loc.gov/MARC21/slim http://www.loc.gov/standards/marcxml/schema/MARC21slim.xsd"
    xmlns="http://www.loc.gov/MARC21/slim">

  <leader>02277cam a22004575a 4500</leader>
  <controlfield tag="001">ssj0001287641</controlfield>
  <controlfield tag="003">OSt</controlfield>
  <controlfield tag="005">20160221155318.0</controlfield>
  <controlfield tag="008">140411s2014    enk     sb    001 0 eng d</controlfield>
  <datafield tag="020" ind1=" " ind2=" ">
    <subfield code="z">9781118414880 (cloth)</subfield>
  </datafield>
  <datafield tag="040" ind1=" " ind2=" ">
    <subfield code="a">DLC</subfield>
    <subfield code="b">eng</subfield>
    <subfield code="c">DLC</subfield>
    <subfield code="d">DLC</subfield>
    <subfield code="d">WaSeSS</subfield>
    <subfield code="d">EG-ScBUE</subfield>
  </datafield>
  <datafield tag="082" ind1="0" ind2="4">
    <subfield code="a">615.19</subfield>
    <subfield code="2">22</subfield>
    <subfield code="b">ROS</subfield>
  </datafield>
  <datafield tag="100" ind1="1" ind2=" ">
    <subfield code="a">Rosier, Jan A.</subfield>
    <subfield code="9">39401</subfield>
  </datafield>
  <datafield tag="245" ind1="1" ind2="0">
    <subfield code="a">Global new drug development :</subfield>
    <subfield code="b">an introduction /</subfield>
    <subfield code="c">Jan A. Rosier, Mark A. Martens, and Josse R. Thomas.</subfield>
  </datafield>
  <datafield tag="260" ind1=" " ind2=" ">
    <subfield code="a">Chichester :</subfield>
    <subfield code="b">Wiley Blackwell,</subfield>
    <subfield code="c">2014.</subfield>
  </datafield>
  <datafield tag="300" ind1=" " ind2=" ">
    <subfield code="a">xxii, 402 p. :</subfield>
    <subfield code="b">ill. ;</subfield>
    <subfield code="c">24 cm.</subfield>
  </datafield>
  <datafield tag="490" ind1="0" ind2=" ">
    <subfield code="a">ULLA postgraduate pharmacy series.</subfield>
  </datafield>
  <datafield tag="500" ind1=" " ind2=" ">
    <subfield code="a">Index : p. 391-402.</subfield>
  </datafield>
  <datafield tag="504" ind1=" " ind2=" ">
    <subfield code="a">Includes bibliographical references.</subfield>
  </datafield>
  <datafield tag="505" ind1="0" ind2=" ">
    <subfield code="a">Drug life cycle -- Drug discovery and design -- Drug development: general aspects -- Methods and techniques used in drug development -- The early development of a new drug -- The late development of a new drug -- Special drug developments -- Drug commercialisation.</subfield>
  </datafield>
  <datafield tag="506" ind1=" " ind2=" ">
    <subfield code="a">Available on campus and off campus with authorized login.</subfield>
  </datafield>
  <datafield tag="650" ind1=" " ind2="0">
    <subfield code="a">Drug development.</subfield>
    <subfield code="2">BUEsh</subfield>
  </datafield>
  <datafield tag="651" ind1=" " ind2=" ">
    <subfield code="2">BUEsh</subfield>
  </datafield>
  <datafield tag="653" ind1=" " ind2=" ">
    <subfield code="b">PPhrm</subfield>
    <subfield code="c">February2016</subfield>
  </datafield>
  <datafield tag="700" ind1="1" ind2=" ">
    <subfield code="a">Martens, Mark A.</subfield>
  </datafield>
  <datafield tag="700" ind1="1" ind2=" ">
    <subfield code="a">Thomas, Josse R.</subfield>
  </datafield>
  <datafield tag="776" ind1="0" ind2="8">
    <subfield code="i">Print version:</subfield>
    <subfield code="a">Rosier, Jan A., author.</subfield>
    <subfield code="t">Global new drug development</subfield>
    <subfield code="d">Chichester, West Sussex : John Wiley &amp; Sons, 2014</subfield>
    <subfield code="z">9781118414880</subfield>
    <subfield code="w">(DLC)  2014013906</subfield>
  </datafield>
  <datafield tag="856" ind1="4" ind2="0">
    <subfield code="a">SOUTHEAST</subfield>
    <subfield code="u">http://BZ6FJ9FL8E.search.serialssolutions.com/?V=1.0&amp;L=BZ6FJ9FL8E&amp;S=JCs&amp;C=TC0001287641&amp;T=marc</subfield>
  </datafield>
  <datafield tag="856" ind1="4" ind2="0">
    <subfield code="a">BLOOMINGTON</subfield>
    <subfield code="u">http://KG6EK7CQ2B.search.serialssolutions.com/?V=1.0&amp;L=KG6EK7CQ2B&amp;S=JCs&amp;C=TC0001287641&amp;T=marc</subfield>
  </datafield>
  <datafield tag="856" ind1="4" ind2="0">
    <subfield code="a">EAST</subfield>
    <subfield code="u">http://MN3KU4AR6Y.search.serialssolutions.com/?V=1.0&amp;L=MN3KU4AR6Y&amp;S=JCs&amp;C=TC0001287641&amp;T=marc</subfield>
  </datafield>
  <datafield tag="856" ind1="4" ind2="0">
    <subfield code="a">IUPUI</subfield>
    <subfield code="u">http://RX8KL6YF4X.search.serialssolutions.com/?V=1.0&amp;L=RX8KL6YF4X&amp;S=JCs&amp;C=TC0001287641&amp;T=marc</subfield>
  </datafield>
  <datafield tag="856" ind1="4" ind2="0">
    <subfield code="a">KOKOMO</subfield>
    <subfield code="u">http://TE6UZ4HK6Z.search.serialssolutions.com/?V=1.0&amp;L=TE6UZ4HK6Z&amp;S=JCs&amp;C=TC0001287641&amp;T=marc</subfield>
  </datafield>
  <datafield tag="856" ind1="4" ind2="0">
    <subfield code="a">COLUMBUS</subfield>
    <subfield code="u">http://RX8KL6YF4X.search.serialssolutions.com/?V=1.0&amp;L=RX8KL6YF4X&amp;S=JCs&amp;C=TC0001287641&amp;T=marc</subfield>
  </datafield>
  <datafield tag="942" ind1=" " ind2=" ">
    <subfield code="2">ddc</subfield>
  </datafield>
  <datafield tag="949" ind1=" " ind2=" ">
    <subfield code="h">seasebook</subfield>
  </datafield>
  <datafield tag="949" ind1=" " ind2=" ">
    <subfield code="h">wellsebook</subfield>
  </datafield>
  <datafield tag="949" ind1=" " ind2=" ">
    <subfield code="h">eaebook</subfield>
  </datafield>
  <datafield tag="949" ind1=" " ind2=" ">
    <subfield code="h">ulebook</subfield>
  </datafield>
  <datafield tag="949" ind1=" " ind2=" ">
    <subfield code="h">kokoebook</subfield>
  </datafield>
  <datafield tag="949" ind1=" " ind2=" ">
    <subfield code="h">coebook</subfield>
  </datafield>
  <datafield tag="999" ind1=" " ind2=" ">
    <subfield code="c">21203</subfield>
    <subfield code="d">21175</subfield>
  </datafield>
  <datafield tag="952" ind1=" " ind2=" ">
    <subfield code="0">0</subfield>
    <subfield code="1">0</subfield>
    <subfield code="2">ddc</subfield>
    <subfield code="4">0</subfield>
    <subfield code="7">0</subfield>
    <subfield code="8">Academic</subfield>
    <subfield code="a">MAIN</subfield>
    <subfield code="b">MAIN</subfield>
    <subfield code="c">1ST</subfield>
    <subfield code="d">2016-02-21</subfield>
    <subfield code="e">Purchase</subfield>
    <subfield code="g">909.00</subfield>
    <subfield code="h">4867</subfield>
    <subfield code="l">0</subfield>
    <subfield code="o">615.19 ROS</subfield>
    <subfield code="p">000031632</subfield>
    <subfield code="r">2025-07-15 00:00:00</subfield>
    <subfield code="v">1136.25</subfield>
    <subfield code="y">BB</subfield>
  </datafield>
</record>
